<?xml version="1.0" encoding="UTF-8"?>
<record
    xmlns:xsi="http://www.w3.org/2001/XMLSchema-instance"
    xsi:schemaLocation="http://www.loc.gov/MARC21/slim http://www.loc.gov/standards/marcxml/schema/MARC21slim.xsd"
    xmlns="http://www.loc.gov/MARC21/slim">

  <leader>00706nam a2200157Ia 4500</leader>
  <controlfield tag="008">100204s9999    xx            000 0 und d</controlfield>
  <datafield tag="082" ind1=" " ind2=" ">
    <subfield code="b">27704</subfield>
  </datafield>
  <datafield tag="100" ind1=" " ind2=" ">
    <subfield code="a">&#x92A;&#x93E;&#x930;&#x94D;&#x921;&#x940;&#x915;&#x930;    &#x92A;&#x94D;&#x930;&#x92D;&#x93E;</subfield>
  </datafield>
  <datafield tag="245" ind1=" " ind2=" ">
    <subfield code="a">&#x91A;&#x93F;&#x924;&#x94D;&#x930;&#x915;&#x941;&#x91F; &#x906;&#x923;&#x93F; &#x91A;&#x93F;&#x924;&#x94D;&#x930;&#x915;&#x941;&#x91F;&#x91A;&#x947; &#x936;&#x93F;&#x932;&#x94D;&#x92A;&#x915;&#x93E;&#x930; &#x928;&#x93E;&#x928;&#x93E;&#x91C;&#x940; &#x926;&#x947;&#x936;&#x92E;&#x941;&#x916;</subfield>
  </datafield>
  <datafield tag="250" ind1=" " ind2=" ">
    <subfield code="a">0</subfield>
  </datafield>
  <datafield tag="260" ind1=" " ind2=" ">
    <subfield code="c">2007</subfield>
  </datafield>
  <datafield tag="300" ind1=" " ind2=" ">
    <subfield code="a">56</subfield>
  </datafield>
  <datafield tag="630" ind1=" " ind2=" ">
    <subfield code="a">&#x91A;&#x93F;&#x924;&#x94D;&#x930;&#x915;&#x941;&#x91F; &#x906;&#x923;&#x93F; &#x91A;&#x93F;&#x924;&#x94D;&#x930;&#x915;&#x941;&#x91F;&#x91A;&#x947; &#x936;&#x93F;&#x932;&#x94D;&#x92A;&#x915;&#x93E;&#x930; &#x928;&#x93E;&#x928;&#x93E;&#x91C;&#x940; &#x926;&#x947;&#x936;&#x92E;&#x941;&#x916;</subfield>
  </datafield>
  <datafield tag="730" ind1=" " ind2=" ">
    <subfield code="a">&#x91A;&#x93F;&#x924;&#x94D;&#x930;&#x915;&#x941;&#x91F; &#x906;&#x923;&#x93F; &#x91A;&#x93F;&#x924;&#x94D;&#x930;&#x915;&#x941;&#x91F;&#x91A;&#x947; &#x936;&#x93F;&#x932;&#x94D;&#x92A;&#x915;&#x93E;&#x930; &#x928;&#x93E;&#x928;&#x93E;&#x91C;&#x940; &#x926;&#x947;&#x936;&#x92E;&#x941;&#x916;</subfield>
  </datafield>
  <datafield tag="942" ind1=" " ind2=" ">
    <subfield code="c">BOOK</subfield>
  </datafield>
  <datafield tag="999" ind1=" " ind2=" ">
    <subfield code="c">472884</subfield>
    <subfield code="d">472881</subfield>
  </datafield>
  <datafield tag="952" ind1=" " ind2=" ">
    <subfield code="0">0</subfield>
    <subfield code="1">0</subfield>
    <subfield code="4">0</subfield>
    <subfield code="7">0</subfield>
    <subfield code="a">NCKMULUND</subfield>
    <subfield code="b">NCKMULUND</subfield>
    <subfield code="d">2007-09-11</subfield>
    <subfield code="g">65.00</subfield>
    <subfield code="l">0</subfield>
    <subfield code="o">27704</subfield>
    <subfield code="p">NCKMULUND-27704</subfield>
    <subfield code="r">2010-02-04 00:00:00</subfield>
    <subfield code="v">65.00</subfield>
    <subfield code="w">2010-02-04</subfield>
    <subfield code="y">BOOK</subfield>
  </datafield>
</record>
